| 000 | 01560nam0a2200337 i 4500 | ||
|---|---|---|---|
| 001 | RU\NLR\bibl\1935100 | ||
| 005 | 20240921132430.0 | ||
| 010 |
_a9785901533789 _9500 |
||
| 021 |
_aRU _b2012-55002 _94015 |
||
| 035 | _a(NLR Aleph) 001924410 | ||
| 090 |
_a3349947 _c3349947 |
||
| 100 | _a20120817d2011 k y0rusy50 ca | ||
| 101 | 0 | _arus | |
| 102 | _aRU | ||
| 105 | _aa ||||||||| | ||
| 200 | 1 |
_aМаркетинг в формировании системы продовольственного обеспечения регионов _eмонография _fЕ.В. Щербенко _gМ-во образования и науки РФ, Краснояр. гос. торг.-экон. ин-т |
|
| 210 |
_aНовосибирск _cИзд-во Сибирского отделения Российской академии наук _d2011 |
||
| 215 |
_a479 с. _cил. _d22 |
||
| 320 | _aБиблиогр.: с. 422-444 (307 назв.) | ||
| 606 | 1 |
_aПродовольственная безопасность _yРоссийская Федерация _92162231 _3RU\NLR\auth\661301191 |
|
| 606 | 1 |
_aПищевые продукты _xМаркетинг _yРоссийская Федерация _92271184 _3RU\NLR\auth\661361258 |
|
| 686 | _aУ9(2)-982(2Р) | ||
| 686 | _aУ9(2)-982(2Р-4Кра) | ||
| 686 | _aУ42(2)151-361.4 | ||
| 700 | 1 |
_aЩербенко _bЕ. В. _gЕва Владиславовна _4070 |
|
| 801 | 0 |
_aRU _bNLR _c20120817 _gRCR |
|
| 801 | 1 |
_aRU _bNLR _c20120817 |
|
| 830 | _aавт. по кн. | ||
| 942 | _cBOOK | ||
| 980 | _aNBR | ||